00413nam a2200157Ia 4500008004100000020001400041040001900055041001200074082002500086100001900111245004100130260003400171300002000205650001200225651001800237131103s9999 xx 000 0 und d cRs.150.00 aLoreto College aEnglish a954/SINbLCBED/14805 aSingh, Sukumar aSwadhinatar nepotthaycSukumar Singh aKolkatabMass Educationc2012 a391p. c 20c.m. aHistory aHistory-India